000 00511nam a22001697a 4500
005 20260201125512.0
008 260201b |||||||| |||| 00| 0 eng d
020 _a9781852788278
_qpbk
082 _a305.26021
_bCRE
100 _aCreedy,John
245 _aTHE ECONOMICS OF AGEING
_bThe International Library of Critical Writings in Economics series
260 _aUSA
_b Edward Elgar Publishing Ltd
_c 1 January 1995
300 _aVii 623 P.
504 _aindex
650 _aJohn Creedy
942 _cENGLISH
999 _c609647
_d609647